Score 0/11 Timer 01:00
4 Plays Today
Question Answer Wrong Answers
Lakers Los Angeles
97.7%
Oakland
0.3%
San Francisco
0.3%
San Jose
0.1%
49ers San Francisco
96.1%
Los Angeles
0.9%
Oakland
0.5%
San Jose
0.9%
Rams Los Angeles
95.6%
Oakland
1.1%
San Francisco
1%
San Jose
0.6%
Dodgers Los Angeles
95.1%
Oakland
1.2%
San Francisco
1.5%
San Jose
0.6%
Clippers Los Angeles
94%
Oakland
1.2%
San Francisco
1.5%
San Jose
1.6%
Athletics Oakland
93%
Los Angeles
2.1%
San Francisco
1.3%
San Jose
2.1%
Sharks San Jose
92.7%
Los Angeles
2.3%
Oakland
1.4%
San Francisco
1.8%
Giants San Francisco
92%
Los Angeles
3.3%
Oakland
1.3%
San Jose
1.8%
Chargers Los Angeles
91.1%
Oakland
1.8%
San Francisco
2.8%
San Jose
2.7%
Angels Los Angeles
90.7%
Oakland
3.1%
San Francisco
1.9%
San Jose
2.6%
Kings Los Angeles
80.7%
Oakland
3.2%
San Francisco
5.9%
San Jose
8.5%
Remove Ads.
Support Sporcle.
Get the best of Sporcle when you Go Orange. This ad-free experience offers more features, more stats, and more fun while also helping to support Sporcle. Thank you for becoming a member.

You're not logged in!

Compare scores with friends on all Sporcle quizzes.
OR
Log In

Show Comments

Extras

Top Quizzes Today


Score Distribution

Your Account Isn't Verified!

In order to create a playlist on Sporcle, you need to verify the email address you used during registration. Go to your Sporcle Settings to finish the process.

Report this User

Report this user for behavior that violates our Community Guidelines.

Details: